1207 1302 1117 1638 1329 1889 1743 1733 1291 1364 1097 1799 1326 1251 1595 1693 1693 1055 1288 1978 1171 1155 1518 1995 1998 1862 1562 1299 1629 1280 1537 1027 1970 1040 1775 1875 1885 1861 1918 1211 1213 1009 1733 1663 1860 1586 1917 1627 1695 1143 1685 1416 1048 1971 1132 1882 1254 1121 1200 1348 1728 1457 1547 1531 1752 1713 1693 1005 1406 1708 1158 1886 1481 1399 1792 1741 1682 1163 1283 1472 1368 1471 1313 1804 1453 1259 1101 1024 1151 1263 1171 1461 1202 1082 1318 1520 1740 1749 1467 BCNSPRNW ULIB Ver.6.0+V

เปลี่ยนเป็นภาษาไทย

Change to English
 แสดงรายละเอียดบรรณานุกรม
  กลับหน้าหลัก

Brief Record : Get Marc (ISO 2709) : E-mail record : QR code < ปิดหน้าต่าง
LEADER : 00000nam 2200000uu 4500
001    13399127398
003     ULIB
008    200519s2017||||th 000 0 tha d
020    ^a9781520673936 (pbk.)
050  4 ^aPE1128^bE48TG
100 1  ^aElmetaher, Hosam
245 10 ^aTOEFL ITP test.^pGrammar /^cHosam Elmetaher
260    ^a[Great Britain :^bHosam Elmetaher],^c2017
300    ^av, 95 p. ;^c28 cm.
650  0 ^aTest of English as a Foreign Language^vStudy guides
650  0 ^aEnglish language^vTextbooks for foreign speakers
650  0 ^aEnglish language^xGrammar
650  0 ^aEnglish language^xExaminations
653    ^aTOEFL
945    ^p623^l0^i007069
999    ^aประนอม เกษจรัล
รายการนี้ยังไม่มีแท็ก
คุณยังไม่ได้ล็อกอิน คุณสามารถมีกิจกรรมร่วมกับเว็บไซต์ได้ แต่ต้องล็อกอินก่อน ::
  ล็อกอิน

รายการสื่อสารสนเทศ

ลำดับที่ ประเภท เลขเรียก/บาร์โค้ด สถานที่ สถานะ
1. การศึกษาทั่วไป
หนังสือสำรอง
สถานะ=หนังสือสำรอง
PE1128 E48TG ฉ.1 
  Barcode: 007069
ห้องสมุดวิทยาเขตสวรรค์ประชารักษ์
►หนังสือทั่วไป
บนชั้น

รายการใกล้เคียง
    ผู้แต่ง [Elmetaher, Hosam]

    หัวเรื่อง [English language Grammar]

BibComment


ยังไม่เคยถูกคอมเมนท์

คอมเมนท์ทรัพยากรรายการนี้
  คอมเมนท์: TOEFL ITP test G..


 Copyright 2026. Bcnsprnw @Library